000 00839nam a22002532a 4500
001 27054
003 BD-RjUL
005 20211209051115.0
008 140324s1958 enkb b 000 0 eng d
035 _a(BD-RjUL)27125
040 _aORZ
_cORZ
_dBD-RjUL
_beng
041 _aeng
082 _a956.9
_bLOS 1958
100 1 _aLongrigg, Stephen Hemsley.
_953548
245 1 0 _aSyria and Lebanon under French mandate /
_bIssued under the auspices of the Royal Institute of International Affairs
260 _aOxford University Press :
_bLondon,
_c1958.
300 _a404 p. :
_bmaps (1 fold.)p23 cm ;
_c22 cm.
504 _aIncludes bibliography
650 0 _aMandates
_zFrance
_983097
651 0 _aSyria
_xHistory
_983098
651 0 _aLebanon
_xHistory
_983099
710 2 _aRoyal Institute of International Affairs.
_983100
942 _2ddc
_cBK
999 _c27054
_d27054